Guess All Sports Quiz - Statistics

General Stats
  • This quiz has been taken 84 times
  • The average score is 14 of 23
Answer Stats
Hint Answer % Correct
Famous worldwide with billions of fans football
93%
can be played on ice or field hockey
93%
this sport has four bases baseball
89%
popular racket sport tennis
86%
two teams of 5 and with a hoop basketball
85%
popular winter sport skiing
79%
micheal phelps swimming
79%
hit a ball back and forth over high net volleyball
70%
similar to previous awnser but without padding and protection rugby
68%
when you score, it is called a touchdown American football
67%
moving your body to music dancing
67%
similar to netball but in water water polo
63%
popular in countries like India,Pakistan and australia cricket
62%
similar to previous awnser starts with b boxing
60%
you jump off a platform and land in water diving
59%
dancing on ice figure skating
58%
individual sport played with clubs golf
52%
combat sport wrestling
45%
can include running,jumping,throwing,etc. athletics
30%
known as an American high school sport with bases and flyers cheerleading
30%
motorsport formula 1
30%
sport that includes an animal similar to donkey horseriding
29%
has 6 events in mens and 4 in womens gymnastics
22%
No matching quizzes found
Score Distribution
Percent of People with Each Score
Percentile by Number Answered
Your Score History
You have not taken this quiz